<?xml version="1.0" encoding="UTF-8"?>
<record
    xmlns:xsi="http://www.w3.org/2001/XMLSchema-instance"
    xsi:schemaLocation="http://www.loc.gov/MARC21/slim http://www.loc.gov/standards/marcxml/schema/MARC21slim.xsd"
    xmlns="http://www.loc.gov/MARC21/slim">

  <leader>01065cam a2200313 a 4500</leader>
  <controlfield tag="001">47057</controlfield>
  <controlfield tag="003">BD-RjUL</controlfield>
  <controlfield tag="005">20211209054243.0</controlfield>
  <controlfield tag="008">1608  s2004    ii       b    001 0 eng  </controlfield>
  <datafield tag="020" ind1=" " ind2=" ">
    <subfield code="a">0761933247 (hb)</subfield>
  </datafield>
  <datafield tag="020" ind1=" " ind2=" ">
    <subfield code="a">8178294419 (India : hb)</subfield>
  </datafield>
  <datafield tag="035" ind1=" " ind2=" ">
    <subfield code="a">(BD-RjUL)47176</subfield>
  </datafield>
  <datafield tag="040" ind1=" " ind2=" ">
    <subfield code="a">DLC</subfield>
    <subfield code="c">DLC</subfield>
    <subfield code="d">DLC</subfield>
    <subfield code="b">eng</subfield>
  </datafield>
  <datafield tag="041" ind1=" " ind2=" ">
    <subfield code="a">eng</subfield>
  </datafield>
  <datafield tag="082" ind1="0" ind2="0">
    <subfield code="a">305.5122</subfield>
    <subfield code="2">23</subfield>
    <subfield code="b">CAS 2004</subfield>
  </datafield>
  <datafield tag="245" ind1="0" ind2="0">
    <subfield code="a">Caste in question : </subfield>
    <subfield code="b">identity or hierarchy? /</subfield>
    <subfield code="c">edited by Dipankar Gupta.</subfield>
  </datafield>
  <datafield tag="260" ind1=" " ind2=" ">
    <subfield code="a">New Delhi ;</subfield>
    <subfield code="a">Thousand Oaks, Calif. : </subfield>
    <subfield code="b">Sage Publications, </subfield>
    <subfield code="c">c2004.</subfield>
  </datafield>
  <datafield tag="300" ind1=" " ind2=" ">
    <subfield code="a">xxi, 255 p. ; </subfield>
    <subfield code="c">23 cm.</subfield>
  </datafield>
  <datafield tag="504" ind1=" " ind2=" ">
    <subfield code="a">Includes bibliographical references and index.</subfield>
  </datafield>
  <datafield tag="650" ind1=" " ind2="0">
    <subfield code="a">Caste.</subfield>
    <subfield code="9">143315</subfield>
  </datafield>
  <datafield tag="650" ind1=" " ind2="0">
    <subfield code="a">Social classes</subfield>
    <subfield code="z">India.</subfield>
    <subfield code="9">143298</subfield>
  </datafield>
  <datafield tag="650" ind1=" " ind2="0">
    <subfield code="a">Group identity</subfield>
    <subfield code="z">India.</subfield>
    <subfield code="9">143316</subfield>
  </datafield>
  <datafield tag="650" ind1=" " ind2="0">
    <subfield code="a">Social structure</subfield>
    <subfield code="z">India.</subfield>
    <subfield code="9">143317</subfield>
  </datafield>
  <datafield tag="650" ind1=" " ind2="0">
    <subfield code="a">Social stratification</subfield>
    <subfield code="z">India.</subfield>
    <subfield code="9">143318</subfield>
  </datafield>
  <datafield tag="700" ind1="1" ind2=" ">
    <subfield code="a">Gupta, Dipankar,</subfield>
    <subfield code="d">1949-</subfield>
    <subfield code="9">143319</subfield>
  </datafield>
  <datafield tag="942" ind1=" " ind2=" ">
    <subfield code="2">ddc</subfield>
    <subfield code="c">BK</subfield>
  </datafield>
  <datafield tag="999" ind1=" " ind2=" ">
    <subfield code="c">47057</subfield>
    <subfield code="d">47057</subfield>
  </datafield>
  <datafield tag="952" ind1=" " ind2=" ">
    <subfield code="0">0</subfield>
    <subfield code="1">0</subfield>
    <subfield code="2">ddc</subfield>
    <subfield code="4">0</subfield>
    <subfield code="7">0</subfield>
    <subfield code="8">NFIC</subfield>
    <subfield code="a">RUCL</subfield>
    <subfield code="b">RUCL</subfield>
    <subfield code="c">Stack</subfield>
    <subfield code="d">2006-08-10</subfield>
    <subfield code="e">Pragon Enterprize ltd.</subfield>
    <subfield code="g">480.00</subfield>
    <subfield code="l">0</subfield>
    <subfield code="o">305.5122 CAS 2004</subfield>
    <subfield code="r">2016-08-06 00:00:00</subfield>
    <subfield code="t">C-2</subfield>
    <subfield code="w">2016-08-06</subfield>
    <subfield code="y">BK</subfield>
  </datafield>
  <datafield tag="952" ind1=" " ind2=" ">
    <subfield code="0">0</subfield>
    <subfield code="1">0</subfield>
    <subfield code="2">ddc</subfield>
    <subfield code="4">0</subfield>
    <subfield code="7">1</subfield>
    <subfield code="8">NFIC</subfield>
    <subfield code="a">RUCL</subfield>
    <subfield code="b">RUCL</subfield>
    <subfield code="c">Reading</subfield>
    <subfield code="d">2006-08-10</subfield>
    <subfield code="e">Paragon Enterprises Dhaka</subfield>
    <subfield code="g">480.00</subfield>
    <subfield code="l">0</subfield>
    <subfield code="o">305.5122 CAS 2004</subfield>
    <subfield code="r">2016-12-11 00:00:00</subfield>
    <subfield code="t">C-1</subfield>
    <subfield code="w">2016-12-11</subfield>
    <subfield code="y">BK</subfield>
  </datafield>
</record>
